000 00323nam a2200121Ia 4500
008 151213s9999 xx 000 0 und d
245 _aঅনুভব্ েছুয়েছি তোমায়।
260 _aঢাকা
_c2006
300 _a8788 p.
650 _aBangla
650 _aকবিতা
999 _c4573
_d4573